000 01220cab a22002055a 4500
001 L143871
008 080604e20080519xxk f f000 0 eng d
035 _a(Sirsi) u143871
041 0 _aeng
110 1 _aUnited Kingdom
_kLaws, etc
_95044
245 0 4 _aThe Town and Country Planning (Local Development) (England) (Amendment) Regulations 2008
_h[electronic resource]
260 _aLondon
_bHMSO
_c2008
490 _aStatutory Instrument
_v2008: 1371
520 _aComes into force 27 June 2008. Makes amendments to the Town and Country Planning (Local Development) (England) Regulations 2004. Increases the duties of submissions to include community consultation and public participation. Alters the rules concerning the timing and submission of local development schemes. Adds police authorities to the list of relevant concerned authorities. Instates the Secretary of State for Transport, and Primary Care Trusts, the Coal Authority, and Natural England as specific consultation bodies.
590 _aKA
651 4 _aEngland
_y886-
690 _aPlanning and development
_96259
856 4 0 _uhttps://www.opsi.gov.uk/si/si2008/uksi_20081371_en_1
_zView the judgment free of charge at www.opsi.gov.uk...
942 _n0
999 _c80293
_d80293